Biển đảo, lãnh thổ thiêng liêng của người dân nước Việt
Những bài viết thể hiện suy nghĩ, cảm nhận của các thế hệ người Việt về biển đảo - một phần lãnh thổ thiêng liêng của tổ quốc nhằm khơi dậy truyền thống yêu nước của cả dân tộc, xác định rõ vai trò, trách nhiệm của mỗi công dân...
שמור ב:
| פורמט: | ספר |
|---|---|
| שפה: | Undetermined |
| יצא לאור: |
Hà Nội
Văn học
2015
|
| נושאים: | |
| תגים: |
הוספת תג
אין תגיות, היה/י הראשונ/ה לתייג את הרשומה!
|
| Thư viện lưu trữ: | Trung tâm Học liệu Trường Đại học Cần Thơ |
|---|
| LEADER | 01149nam a2200205Ia 4500 | ||
|---|---|---|---|
| 001 | CTU_202253 | ||
| 008 | 210402s9999 xx 000 0 und d | ||
| 020 | |c 63000 | ||
| 082 | |a 320.1509597 | ||
| 082 | |b B305 | ||
| 245 | 0 | |a Biển đảo, lãnh thổ thiêng liêng của người dân nước Việt | |
| 245 | 0 | |c Lam Hồng, Thụy An, Hạnh Nguyên (Tuyển chọn) | |
| 260 | |a Hà Nội | ||
| 260 | |b Văn học | ||
| 260 | |c 2015 | ||
| 520 | |a Những bài viết thể hiện suy nghĩ, cảm nhận của các thế hệ người Việt về biển đảo - một phần lãnh thổ thiêng liêng của tổ quốc nhằm khơi dậy truyền thống yêu nước của cả dân tộc, xác định rõ vai trò, trách nhiệm của mỗi công dân trước vận mệnh của đất nước. | ||
| 650 | |a Truong Sa island,Hoang Sa island,Territorial,Chủ quyền,Đảo Trường Sa,Đảo Hoàng Sa | ||
| 650 | |x History,Lịch sử | ||
| 904 | |i Tuyến | ||
| 980 | |a Trung tâm Học liệu Trường Đại học Cần Thơ | ||